000 01146nam a22002777a 4500
999 _c102070
_d102070
005 20210216145656.0
010 _a1617EN ENG-117165 B-736889
020 _a9788129137494
_c500.00
035 _aB-649963-971
035 _aEN-100697
035 _aB-664907
035 _aB-736889
037 _adpl
_bUppal
037 _bDBAD/PUB
037 _bGift/Eng/03-02-2021
082 _a921
100 _aVarma, Ram Gopal
245 _aGuns and thighs:
_bthe story of my life /
_cby Ram Gopal Varma
260 _aNew Delhi
_bRupa Pub.
_c2016
270 _a7/16, Ansari Road, Daryaganj
_bNew Delhi
_e110002
300 _axii,199p.:
_c22cm(Hb)
_bcolour ill.
942 _2ddc
_cEN
_h921
_mVAR